|
|
|
|
| LEADER |
00000nam0a2200000 4500 |
| 001 |
362473 |
| 005 |
20231102011507.0 |
| 035 |
|
|
|a (RuTPU)RU\TPU\retro\19819
|
| 090 |
|
|
|a 362473
|
| 100 |
|
|
|a 20210727d1980 m y0rusy50 ca
|
| 101 |
0 |
|
|a rus
|
| 102 |
|
|
|a UA
|
| 105 |
|
|
|a y z 001zy
|
| 200 |
1 |
|
|a Общественные науки в идейном воспитании творческой молодежи
|f отв. ред. В. А. Кудин
|
| 210 |
|
|
|a Киев
|c Вища школа
|d 1980
|
| 215 |
|
|
|a 176 с.
|
| 320 |
|
|
|a Библиогр.: с. 169-174
|
| 606 |
1 |
|
|a Коммунистическое воспитание в вузе
|2 stltpush
|3 (RuTPU)RU\TPU\subj\14929
|9 41249
|
| 606 |
1 |
|
|a Общественные науки
|x Методология
|x История
|2 stltpush
|3 (RuTPU)RU\TPU\subj\46681
|9 65798
|
| 610 |
1 |
|
|a творческая интеллегенция
|
| 610 |
1 |
|
|a творческая личность
|
| 610 |
1 |
|
|a мировоззрение
|
| 610 |
1 |
|
|a идейно-воспитательная работа
|
| 610 |
1 |
|
|a идейное осмысление
|
| 610 |
1 |
|
|a формирование
|
| 610 |
1 |
|
|a нравственно-эстетическое воспитание
|
| 610 |
1 |
|
|a общественная зрелость
|
| 686 |
|
|
|a Ч481.3
|v LBC/SL-A
|2 rubbk
|
| 686 |
|
|
|a С
|v LBC/SL-A
|2 rubbk
|
| 702 |
|
1 |
|a Кудин
|b В. А.
|4 340
|
| 801 |
|
1 |
|a RU
|b 63413507
|c 20210727
|
| 942 |
|
|
|c BK
|